Свой голос: рассказы писателей народов СССР; Откровенный разговор; Данивея; Косцы; Задачка; ...А веснушки остались; Бабушке, здесь же, на качалке на балконе; Мы живем в Арасса; Байстрюк; Илька; Улица шайтанят; Französisch; Белая лягушка и др.; Голубая тропинка; Сад; Снег; Когда ушел дорбоз; Запоздалая весна; Поклажа для инера; Ты теперь мужчина; Цвет воды

Bibliographic Details
Other Authors: Неверов А. В. Александр Вениаминович (составитель), Доронин Н. (иллюстратор)
Language:Russian
Published: Москва, Детская литература, 1989
TOC:А. В. Неверов, Откровенный разговор;
С. Челак, Данивея;
К. Лялько, Косцы;
В. Курносенко, Задачка;
Б. Бушма, ...А веснушки остались;
В. Мелгалве, Бабушке, здесь же, на качалке на балконе;
В. Пу, Мы живем в Арасса;
Байстрюк;
В. Левицкий, Илька;
Э. Агмазов, Улица шайтанят;
М. Мутт, Französisch;
И. Картушин, Белая лягушка и др.;
М. Аимбетов, Голубая тропинка;
В. Болтышев, Сад;
А. Чхиквишвили, Снег;
А. Рабиев, Когда ушел дорбоз;
М. Апышев, Запоздалая весна;
А. Алланазаров, Поклажа для инера;
Н. Расул-заде, Ты теперь мужчина;
М. Тер-Гуланян, Цвет воды;
Subjects:
Format: MixedMaterials Book
KOHA link:https://koha.lib.tpu.ru/cgi-bin/koha/opac-detail.pl?biblionumber=155937

MARC

LEADER 00000nam0a2200000 4500
001 155937
005 20231101221854.0
010 |a 508000567X 
020 |a RU  |b 89-63680 
035 |a (RuTPU)RU\TPU\book\169126 
090 |a 155937 
100 |a 20090320d1989 de y0rusy5003 ca 
101 2 |a rus  |c mol  |c bel  |c lit  |c lav  |c ukr  |c uzb  |c est  |c kaz  |c gex  |c taj  |c kir  |c tuk  |c arm 
102 |a RU 
105 |a a z 000ay 
200 1 |a Свой голос  |e рассказы писателей народов СССР  |f сост. А. В. Неверов ; худож. Н. Доронин 
210 |a Москва  |c Детская литература  |d 1989 
215 |a 255 с.  |c ил. 
464 |t Откровенный разговор  |o предисловие  |f А. В. Неверов 
464 |t Данивея  |o пер. с молд.  |f С. Челак 
464 |t Косцы  |o пер. с белорус.  |f К. Лялько 
464 |t Задачка  |f В. Курносенко 
464 |t ...А веснушки остались  |o пер. с литов.  |f Б. Бушма 
464 |t Бабушке, здесь же, на качалке на балконе  |o пер. с латыш.  |f В. Мелгалве 
464 |t Мы живем в Арасса  |f В. Пу 
464 |t Байстрюк 
464 |t Илька  |o пер. с укр.  |f В. Левицкий 
464 |t Улица шайтанят  |o пер. с узбек.  |f Э. Агмазов 
464 |t Französisch  |o пер. с эст.  |f М. Мутт 
464 |t Белая лягушка и др.  |f И. Картушин 
464 |t Голубая тропинка  |o пер. с казах.  |f М. Аимбетов 
464 |t Сад  |f В. Болтышев 
464 |t Снег  |o пер. с груз.  |f А. Чхиквишвили 
464 |t Когда ушел дорбоз  |o пер. с тадж.  |f А. Рабиев 
464 |t Запоздалая весна  |o пер. с киргиз.  |f М. Апышев 
464 |t Поклажа для инера  |o пер. с туркм.  |f А. Алланазаров 
464 |t Ты теперь мужчина  |f Н. Расул-заде 
464 |t Цвет воды  |o пер. с арм.  |f М. Тер-Гуланян  |a Левицкий, Василь 
606 1 |a Зарубежная литература  |2 stltpush  |3 (RuTPU)RU\TPU\subj\11363  |9 38310 
610 1 |a молдавская литература 
610 1 |a белорусская литература 
610 1 |a литовская литература 
610 1 |a латышская литература 
610 1 |a украинская литература 
610 1 |a узбекская литература 
610 1 |a эстонская литература 
610 1 |a казахская литература 
610 1 |a грузинская литература 
610 1 |a таджикская литература 
610 1 |a киргизская литература 
610 1 |a туркменская литература 
610 1 |a армянская литература 
610 1 |a советская литература 
610 1 |a рассказы 
610 1 |a сборники 
610 1 |a народы 
610 1 |a СССР 
610 1 |a детская литература 
675 |a 89  |v 3 
702 1 |a Неверов  |b А. В.  |g Александр Вениаминович  |4 220 
702 1 |a Доронин  |b Н.  |4 440 
801 0 |a RU  |b RuMRKP  |c 19950417  |g psbo 
801 1 |a RU  |b 63413507  |c 20090320  |g PSBO 
801 2 |a RU  |b 63413507  |c 20220127  |g PSBO 
942 |c BK